000 00844cab a2200325 4500
001 ABS59020
008 090401t1998 xxu||||| |||| 00| 0 eng d
035 _a(Sirsi) u87504
041 _aeng
245 _aRegional survey: Merseyside
260 _c1998
350 _a0
490 _aProperty Week
_v63(12) 10 July 1998, 36-53(7)
650 _aCAPITAL VALUES
650 _aDEVELOPMENT
650 _aGREEN BELT
650 _aINDUSTRIAL SECTOR
650 _aJOB CREATION
650 _aLIVERPOOL
650 _aMERSEYSIDE DEVELOPMENT CORPORATION
650 _aMERSEYSIDE
650 _aOFFICE SECTOR
650 _aOUT OF TOWN
650 _aPROPERTY ASSETS
650 _aRENTAL VALUES
650 _aRETAIL SECTOR
690 _aPROPERTY-COMMERCIAL PROPERTY-COMMERCIAL PROPERTY MARKET
942 _n0
948 _c20/07/1998
999 _c55199
_d55199